Návrh na zlepšenie procesu výberu a adaptácie výrobných zamestnancov v priemyselnom podniku

Salvato in:
Dettagli Bibliografici
Autore principale: Kabátová, Natália (Autore)
Altri autori: Čambál, Miloš (Relatore della tesi)
Natura: Manoscritto Libro
Lingua:slovacco
Pubblicazione: 2024
Soggetti:
Accesso online:http://is.stuba.sk/zp/portal_zp.pl?podrobnosti=177835
Tags: Aggiungi Tag
Nessun Tag, puoi essere il primo ad aggiungerne!!

MARC

LEADER 00000ntm a22000003a 4500
001 stuzp97940
003 SK-STU
005 20240608211413.9
007 ta
008 150427s2015----xo-----f-mn---000-0-slo-d
040 |a STU  |b slo 
041 0 |a slo 
100 1 |a Kabátová, Natália  |u 064000  |k Z4  |4 aut  |U MTF Materiálovotechnologická fakulta  |T MTF Ústav priemyselného inžinierstva a manažmentu  |X 91866  |U M4000  |Y 84  |7 91866 
242 0 1 |a Proposal to improve the process of selection and adaptation of production employees in an industrial enterprise  |y eng 
245 1 0 |a Návrh na zlepšenie procesu výberu a adaptácie výrobných zamestnancov v priemyselnom podniku 
260 |c 2024 
650 4 |a personálny manažment  |2 slo 
650 4 |a výber zamestnancov  |2 slo 
650 4 |a adaptácia zamestnancov  |2 slo 
650 4 |a personnel management  |2 eng 
650 4 |a selection of employees  |2 eng 
650 4 |a adaptation of employees  |2 eng 
700 1 |a Čambál, Miloš  |u 064000  |k Z1  |4 ths  |U MTF Materiálovotechnologická fakulta  |T MTF Ústav priemyselného inžinierstva a manažmentu  |X 279  |U M4000  |Y 84  |7 A000000279 
856 4 |u http://is.stuba.sk/zp/portal_zp.pl?podrobnosti=177835 
996 |c M* DP-15344  |l MMSKP  |s P  |a 0  |w stuzp97940_0001